00880 a2200217 45000010006000000050017000060080041000230030015000640400040000790800045001192450052001640200022002162500013002382640034002513000023002855050204003080410008005121000023005207000024005438560095005674139720260407155708.0260407a2016 arg spa dAR-UNSa-BCEJYS aAR-UNSa-BCEJYSbspacAR-UNSa-BCEJYS a331.2xSalarios. Sueldos. Remuneraciones10aRemuneraciones e indemnizacionespliquidaciones a978-987-01-1981-4 a12a. ed. 1aBuenos Aires :bErreparc2016 axv, 218 p.c27 cm. a1. Remuneraciones - 2. Indemnizaciones - 3. Liquidación de haberes e indemnizaciones - 4. Consultas frecuentes - 5. Preguntas y ejercicios de autoevaluación - 6. Datos e informaciones de utilidad aspa1 aDe Luca, Lorena F.1 aSirena, José Luis41uhttps://biblioeco.unsa.edu.ar/pmb/images/libros/L126471.jpgyImagen de portadaqimage/jpeg